[Event "IECG WC.2011.P.00001 email"]
[Site "IECG email"]
[Date "2007.04.04"]
[Round "?"]
[White "Bourgault, Pierre"]
[Black "Zielinski, Sergej"]
[Result "1/2-1/2"]
[WhiteElo "2198"]
[BlackElo "2204"]
[PlyCount "111"]
[EventDate "2007.04.04"]
[EventType "tourn (corr)"]
[EventRounds "6"]
[SourceTitle "Corr 2011"]
[Source "ChessBase"]
[SourceDate "2010.08.31"]
[SourceVersion "1"]
[SourceVersionDate "2010.08.31"]
[SourceQuality "1"]

1. c4 e5 2. Nc3 Nc6 3. Nf3 Nf6 4. a3 g6 5. b4 d6 6. b5 Na5 7. e4 Bg7 8. Be2 0-0 9. 0-0 b6 10. d3 Bg4 11. Be3 Nb7 12. h3 Bd7 13. Qc2 Nc5 14. a4 a5 15. Rfe1 Qe7 16. Nd5 Nxd5 17. cxd5 Bf6 18. Rac1 Ra7 19. Qc4 Re8 20. Rc3 Qf8 21. Bd1 Raa8 22. Rc2 Qe7 23. Rce2 Kg7 24. Bc2 Kg8 25. d4 exd4 26. Bxd4 Bxd4 27. Qxd4 f6 28. Qc3 Rac8 29. Nd4 Qe5 30. Qc4 Qf4 31. Nb3 Re7 32. Re3 Qe5 33. Nxc5 dxc5 34. Qf1 Qf4 35. Bb3 Kg7 36. g3 Qe5 37. f4 Qb2 38. g4 Rce8 39. Qf2 Qxf2+ 40. Kxf2 g5 41. e5 fxe5 42. fxe5 Rd8 43. e6 Rf8+ 44. Rf3 Be8 45. Bc2 Bg6 46. Bxg6 hxg6 47. Rf1 Ree8 48. Ke2 Rxf3 49. Rxf3 Rf8 50. Re3 Kf6 51. Rd3 Ke5 52. Kd1 Kd6 53. Ke2 Re8 54. Kd2 Rh8 55. Kc3 Rf8 56. Kb3 1/2-1/2

[Event "IECC CL1-2006.10 email"]
[Site "IECC email"]
[Date "2007.02.02"]
[Round "?"]
[White "Bourgault, Pierre"]
[Black "Porkolab, Sandor"]
[Result "1-0"]
[WhiteElo "2195"]
[BlackElo "1940"]
[PlyCount "95"]
[EventDate "2006.??.??"]
[EventType "tourn (corr)"]
[EventRounds "4"]
[SourceTitle "Corr 2011"]
[Source "ChessBase"]
[SourceDate "2010.08.31"]
[SourceVersion "1"]
[SourceVersionDate "2010.08.31"]
[SourceQuality "1"]
[WhiteTeam "Brazil"]
[BlackTeam "US of America"]
[WhiteTeamCountry "BRA"]
[BlackTeamCountry "USA"]

1. d4 Nf6 2. Nf3 d5 3. e3 c5 4. c3 e6 5. Bd3 Nc6 6. Nbd2 Bd6 7. 0-0 0-0 8. dxc5 Bxc5 9. e4 Qc7 10. Qe2 b6 11. h3 Nh5 12. Qd1 Nf4 13. Nb3 Nxd3 14. Qxd3 Be7 15. exd5 Rd8 16. Qe4 exd5 17. Qd3 Ne5 18. Nxe5 Qxe5 19. Qe3 f6 20. f4 Qc7 21. Qf2 Bd6 22. Re1 Qc4 23. Be3 Bf5 24. Nd4 Be4 25. a4 Rd7 26. a5 Re8 27. axb6 axb6 28. Qe2 Rde7 29. Qf2 g6 30. Qh4 Kg7 31. Bf2 Bb8 32. Ra8 Qc7 33. Bg3 Qd7 34. Rea1 Qb7 35. Kh1 Bd3 36. Bh2 Qc7 37. Rd1 Be2 38. Re1 Re4 39. Qf2 Bc4 40. Rea1 f5 41. b3 Bd3 42. Qd2 Be2 43. Bg1 Bh5 44. g3 Qb7 45. Qd3 Re1 46. Rxe1 Rxe1 47. Qa6 Qc7 48. Kh2 1-0

[Event "IECC CL1-2006.10 email"]
[Site "IECC email"]
[Date "2007.02.02"]
[Round "?"]
[White "Hernandez, Juan Eduardo"]
[Black "Bourgault, Pierre"]
[Result "1/2-1/2"]
[WhiteElo "2249"]
[BlackElo "2204"]
[PlyCount "52"]
[EventDate "2006.??.??"]
[EventType "tourn (corr)"]
[EventRounds "4"]
[SourceTitle "Corr 2008"]
[Source "ChessBase"]
[SourceDate "2008.06.24"]
[SourceVersion "1"]
[SourceVersionDate "2008.06.24"]
[SourceQuality "1"]
[WhiteTeam "Chile"]
[BlackTeam "Switzerland"]
[WhiteTeamCountry "CHI"]
[BlackTeamCountry "SUI"]

1. e4 e6 2. d4 d5 3. Nc3 Bb4 4. e5 c5 5. a3 Bxc3+ 6. bxc3 Ne7 7. Qg4 Qc7 8. Qxg7 Rg8 9. Qxh7 cxd4 10. Ne2 Nbc6 11. f4 dxc3 12. Qd3 Bd7 13. Qxc3 Nf5 14. Rb1 0-0-0 15. Rg1 d4 16. Qd3 Na5 17. Rb4 a6 18. g4 Nh4 19. Nxd4 Bb5 20. Nxb5 axb5 21. Qe4 Qc3+ 22. Kf2 Rd1 23. Bb2 Rd2+ 24. Be2 Qh3 25. Bd4 Nc6 26. Ke1 Rxd4 1/2-1/2

[Event "IECC CL1-2006.09 email"]
[Site "IECC email"]
[Date "2006.12.29"]
[Round "?"]
[White "Vujadinovic, Milan"]
[Black "Bourgault, Pierre"]
[Result "1/2-1/2"]
[WhiteElo "2210"]
[BlackElo "2219"]
[PlyCount "59"]
[EventDate "2006.??.??"]
[EventType "tourn (corr)"]
[EventRounds "4"]
[SourceTitle "Corr 2008"]
[Source "ChessBase"]
[SourceDate "2008.06.24"]
[SourceVersion "1"]
[SourceVersionDate "2008.06.24"]
[SourceQuality "1"]

1. d4 d5 2. Bf4 c5 3. e3 Nf6 4. c3 Nc6 5. Nd2 cxd4 6. exd4 Bg4 7. Ngf3 a6 8. Bd3 e6 9. 0-0 Be7 10. Re1 0-0 11. Qb3 Nh5 12. Be3 Qc7 13. h3 Bxf3 14. Nxf3 Rac8 15. Qc2 Nf6 16. a3 h6 17. Re2 Bd6 18. Rae1 Na5 19. Qc1 Nb3 20. Qd1 Na5 21. Ne5 Nc4 22. Bf4 Rfe8 23. Bb1 b5 24. Qd3 Ne4 25. Qf3 Nxe5 26. dxe5 Bxe5 27. Bxe5 Qxe5 28. Bxe4 dxe4 29. Rxe4 Qb8 30. Rd4 1/2-1/2

[Event "IECG CM.2006.0.00298 email"]
[Site "IECG email"]
[Date "2006.03.19"]
[Round "?"]
[White "Sacerdotali, Sergio"]
[Black "Bourgault, Pierre"]
[Result "1/2-1/2"]
[WhiteElo "2257"]
[BlackElo "2209"]
[PlyCount "96"]
[EventDate "2006.03.19"]
[EventType "tourn (corr)"]
[EventRounds "6"]
[SourceTitle "Corr 2008"]
[Source "ChessBase"]
[SourceDate "2008.06.24"]
[SourceVersion "1"]
[SourceVersionDate "2008.06.24"]
[SourceQuality "1"]

1. e4 e5 2. Nf3 Nf6 3. Nxe5 d6 4. Nxf7 Kxf7 5. d4 Be7 6. Nc3 c6 7. Bc4+ d5 8. exd5 cxd5 9. Nxd5 Be6 10. Ne3 Bxc4 11. Nxc4 Nc6 12. c3 Re8 13. 0-0 b5 14. Ne3 Qd7 15. Qb3+ Kf8 16. Qxb5 Nxd4 17. Qxd7 Ne2+ 18. Kh1 Nxd7 19. Bd2 Rad8 20. Rae1 Nf4 21. Nf5 Nd3 22. Rxe7 Rxe7 23. Nxe7 Kxe7 24. b3 Nf6 25. Be3 Kf7 26. g3 Nd5 27. Bd4 N5b4 28. Bxg7 Nxa2 29. Bd4 Nac1 30. Bxa7 Nxb3 31. Rb1 Ndc5 32. Kg2 Rd3 33. f4 Rxc3 34. Kh3 Ne4 35. Re1 Rc4 36. Rb1 Na5 37. g4 Nc6 38. Rb7+ Kg8 39. Rc7 Rc3+ 40. Kh4 Ne5 41. Rxc3 Ng6+ 42. Kh5 Nxf4+ 43. Kh6 Nxc3 44. Bc5 Ng6 45. Kh5 Nf4+ 46. Kh6 Ne4 47. Be3 Ng6 48. Kh5 Nd6 1/2-1/2

[Event "IECG CM.2006.0.00298 email"]
[Site "IECG email"]
[Date "2006.03.19"]
[Round "?"]
[White "Tasic, Vladimir"]
[Black "Bourgault, Pierre"]
[Result "1/2-1/2"]
[WhiteElo "2346"]
[BlackElo "2209"]
[PlyCount "98"]
[EventDate "2006.03.19"]
[EventType "tourn (corr)"]
[EventRounds "6"]
[SourceTitle "Corr 2008"]
[Source "ChessBase"]
[SourceDate "2008.06.24"]
[SourceVersion "1"]
[SourceVersionDate "2008.06.24"]
[SourceQuality "1"]

1. e4 e5 2. Nf3 Nf6 3. Nxe5 d6 4. Nf3 Nxe4 5. d4 d5 6. Bd3 Be7 7. 0-0 Nc6 8. Re1 Bg4 9. c3 f5 10. Qb3 0-0 11. Nbd2 Kh8 12. Qxb7 Rf6 13. Qb3 Rb8 14. Qc2 Re6 15. b4 Bd6 16. b5 Na5 17. Ne5 Bh5 18. Nf1 c5 19. Ng3 Bg6 20. Nxg6+ hxg6 21. dxc5 Nxc5 22. Rxe6 Nxe6 23. Nf1 Rc8 24. Bd2 Nc4 25. Bxc4 Rxc4 26. Re1 Nc5 27. Ne3 Re4 28. g3 Qe8 29. Qb1 Qf7 30. f3 Ra4 31. Ng2 Kh7 32. Bf4 Bf8 33. Qc2 Ra5 34. Rb1 Na4 35. Be5 Bc5+ 36. Kh1 Nb6 37. a4 Rxa4 38. Nf4 Ra3 39. Re1 Nc4 40. Nh3 Qe7 41. Qd3 Nxe5 42. Qxd5 Rxc3 43. Qxe5 Qxe5 44. Ng5+ Kh6 45. Nf7+ Kh5 46. Rxe5 Bd4 47. Rd5 Bb6 48. Kg2 Rc7 49. Ne5 Rc2+ 1/2-1/2

[Event "IECG CM.2006.0.00294 email"]
[Site "IECG email"]
[Date "2006.01.18"]
[Round "?"]
[White "Bourgault, Pierre"]
[Black "Hansen, Marc"]
[Result "1-0"]
[WhiteElo "2226"]
[BlackElo "2233"]
[PlyCount "29"]
[EventDate "2006.01.18"]
[EventType "tourn (corr)"]
[EventRounds "6"]
[SourceTitle "Corr 2024"]
[Source "ChessBase"]
[SourceDate "2023.10.19"]
[SourceVersion "1"]
[SourceVersionDate "2023.10.19"]
[SourceQuality "1"]

1. e4 c5 2. Nf3 d6 3. d4 cxd4 4. Qxd4 Nc6 5. Bb5 Qa5+ 6. Nc3 Bd7 7. Bxc6 bxc6 8. 0-0 e5 9. Qd3 Nf6 10. Bg5 Be6 11. Rfd1 Rd8 12. b4 Qc7 13. Bxf6 gxf6 14. b5 cxb5 15. Qxb5+ 1-0

[Event "IECG CM.2006.0.00294 email"]
[Site "IECG email"]
[Date "2006.01.18"]
[Round "?"]
[White "Bourgault, Pierre"]
[Black "Sacerdotali, Sergio"]
[Result "0-1"]
[WhiteElo "2226"]
[BlackElo "2266"]
[PlyCount "22"]
[EventDate "2006.01.18"]
[EventType "tourn (corr)"]
[EventRounds "6"]
[SourceTitle "Corr 2024"]
[Source "ChessBase"]
[SourceDate "2023.10.19"]
[SourceVersion "1"]
[SourceVersionDate "2023.10.19"]
[SourceQuality "1"]

1. e4 e5 2. f4 exf4 3. Nf3 g5 4. Nc3 Nc6 5. d4 g4 6. Bc4 gxf3 7. Qxf3 Nxd4 8. Bxf7+ Kxf7 9. Qh5+ Kg7 10. 0-0 Nf6 11. Qh4 d6 0-1

[Event "IECG CM.2006.0.00294 email"]
[Site "IECG email"]
[Date "2006.01.18"]
[Round "?"]
[White "Tasic, Vladimir"]
[Black "Bourgault, Pierre"]
[Result "1-0"]
[WhiteElo "2218"]
[BlackElo "2226"]
[PlyCount "89"]
[EventDate "2006.01.18"]
[EventType "tourn (corr)"]
[EventRounds "6"]
[SourceTitle "Corr 2008"]
[Source "ChessBase"]
[SourceDate "2008.06.24"]
[SourceVersion "1"]
[SourceVersionDate "2008.06.24"]
[SourceQuality "1"]

1. e4 Nc6 2. Nf3 e5 3. Bc4 Bc5 4. c3 Nf6 5. d4 exd4 6. e5 d5 7. Bb5 Ne4 8. cxd4 Bb6 9. Nc3 0-0 10. Be3 Bg4 11. h3 Bh5 12. Qb3 Bxf3 13. gxf3 Ng5 14. 0-0-0 Nxf3 15. Qxd5 Ncxd4 16. Qe4 c6 17. Bc4 Re8 18. Bxd4 Nxd4 19. f4 Qd7 20. Rd2 Rad8 21. Rhd1 Kh8 22. Kb1 a6 23. Ne2 c5 24. Nxd4 cxd4 25. Bd3 f5 26. Qg2 Rc8 27. Rc2 Rxc2 28. Qxc2 Rf8 29. h4 Qf7 30. Rh1 Qg6 31. Qh2 Qc6 32. Qh3 Ba5 33. Rc1 Qg6 34. Qh2 b5 35. h5 Qe8 36. Rc2 Bb4 37. Qh3 Qf7 38. Qf3 h6 39. Rc6 a5 40. Rc2 Rd8 41. Bxb5 Rb8 42. Bc4 Qd7 43. a3 Be7 44. Ka1 Qa4 45. Rc1 1-0

[Event "IECG CM.2006.0.00294 email"]
[Site "IECG email"]
[Date "2006.01.18"]
[Round "?"]
[White "Turko, Sergey Ivanovich"]
[Black "Bourgault, Pierre"]
[Result "1/2-1/2"]
[WhiteElo "2226"]
[BlackElo "2226"]
[PlyCount "54"]
[EventDate "2006.01.18"]
[EventType "tourn (corr)"]
[EventRounds "6"]
[SourceTitle "Corr 2008"]
[Source "ChessBase"]
[SourceDate "2008.06.24"]
[SourceVersion "1"]
[SourceVersionDate "2008.06.24"]
[SourceQuality "1"]

1. e4 Nc6 2. Nf3 e5 3. Bb5 a6 4. Ba4 Nf6 5. 0-0 b5 6. Bb3 Bb7 7. c3 Nxe4 8. d4 Be7 9. Qe2 d5 10. dxe5 Qd7 11. Rd1 Nd8 12. a4 Nc5 13. Bc2 Nxa4 14. c4 Nb6 15. cxd5 Nxd5 16. Nd4 Ne6 17. Nf5 g6 18. Nxe7 Qxe7 19. Be4 Rd8 20. Bxd5 Rxd5 21. Rxd5 Bxd5 22. Rxa6 Nd4 23. Qe3 c5 24. f3 0-0 25. Nc3 Bc6 26. Ne2 Bb7 27. Rf6 Nxe2+ 1/2-1/2

[Event "IECG CM.2005.0.00289"]
[Site "IECG email"]
[Date "2005.11.01"]
[Round "?"]
[White "Mazzeo, Alberto"]
[Black "Bourgault, Pierre"]
[Result "1-0"]
[WhiteElo "2223"]
[BlackElo "2231"]
[PlyCount "65"]
[EventDate "2005.11.01"]
[EventType "tourn (corr)"]
[EventRounds "6"]
[SourceTitle "Corr 2008"]
[Source "ChessBase"]
[SourceDate "2008.06.24"]
[SourceVersion "1"]
[SourceVersionDate "2008.06.24"]
[SourceQuality "1"]

1. d4 Nf6 2. Nf3 d5 3. c4 e6 4. g3 Be7 5. Bg2 0-0 6. 0-0 c5 7. cxd5 Qxd5 8. Nc3 Qh5 9. dxc5 Nc6 10. Bg5 Rd8 11. Qa4 Bd7 12. Rfd1 Bxc5 13. Qb5 Be7 14. Qxb7 Rab8 15. Qa6 Rb6 16. Qa4 Rb4 17. Qc2 Nd4 18. Rxd4 Rxd4 19. Bxf6 Bxf6 20. Nxd4 Bxd4 21. e3 Bf6 22. Ne4 Be7 23. Qc7 a6 24. Nc3 Qc5 25. Qxc5 Bxc5 26. Rd1 Kf8 27. Bc6 Ke7 28. Rxd7+ Rxd7 29. Bxd7 Kxd7 30. Kf1 f5 31. Ke2 g5 32. Kd3 g4 33. Kc4 1-0

[Event "IECG CM.2005.0.00289"]
[Site "IECG email"]
[Date "2005.11.01"]
[Round "?"]
[White "Roberts, Anthony"]
[Black "Bourgault, Pierre"]
[Result "1-0"]
[WhiteElo "2292"]
[BlackElo "2231"]
[PlyCount "37"]
[EventDate "2005.11.01"]
[EventType "tourn (corr)"]
[EventRounds "6"]
[SourceTitle "Corr 2008"]
[Source "ChessBase"]
[SourceDate "2008.06.24"]
[SourceVersion "1"]
[SourceVersionDate "2008.06.24"]
[SourceQuality "1"]

1. e4 e5 2. Nf3 Nf6 3. d4 exd4 4. e5 Ne4 5. Qxd4 d5 6. exd6 Nxd6 7. Nc3 Nc6 8. Qf4 Be6 9. Bd3 Be7 10. Bd2 Qd7 11. 0-0-0 0-0 12. Rhe1 Rad8 13. Ne4 Nxe4 14. Qxe4 g6 15. Bc3 Qd5 16. Qf4 Qh5 17. h4 b5 18. g4 Bxg4 19. Rxe7 1-0

[Event "IECG CM.2005.0.00272 email"]
[Site "IECG email"]
[Date "2005.03.16"]
[Round "?"]
[White "Bourgault, Pierre"]
[Black "Petrov, Milen Stoyanov"]
[Result "1/2-1/2"]
[WhiteElo "2222"]
[BlackElo "2228"]
[PlyCount "131"]
[EventDate "2005.03.16"]
[EventType "tourn (corr)"]
[EventRounds "6"]
[SourceTitle "Corr 2008"]
[Source "ChessBase"]
[SourceDate "2008.06.24"]
[SourceVersion "1"]
[SourceVersionDate "2008.06.24"]
[SourceQuality "1"]

1. e4 c5 2. Nf3 Nc6 3. d4 cxd4 4. Nxd4 Nf6 5. Nc3 e5 6. Ndb5 d6 7. Bg5 a6 8. Bxf6 gxf6 9. Na3 b5 10. Nd5 f5 11. Bd3 Be6 12. Qh5 Rg8 13. g3 Nd4 14. c3 fxe4 15. Bxe4 Bg4 16. Qxh7 Rg7 17. Qh6 Nf3+ 18. Kf1 Rg5 19. Nf6+ Ke7 20. Qh8 Nd2+ 21. Kg2 Nxe4 22. Nxe4 Rg6 23. Qh4+ Ke6 24. Qxd8 Rxd8 25. Nd2 d5 26. Nc2 Bf5 27. Ne3 Bd3 28. Rhe1 f5 29. Nb3 f4 30. Rad1 e4 31. Rxd3 exd3 32. Nc4+ Kf6 33. Ne5 Rg8 34. Nxd3 fxg3 35. hxg3 Bd6 36. Nd4 Rde8 37. Rh1 Rh8 38. Rxh8 Rxh8 39. f4 Re8 40. Kf3 Rh8 41. a3 Rh2 42. Ne2 Kg6 43. Ke3 Rg2 44. Kf3 Rh2 45. g4 Bb8 46. b3 Bd6 47. b4 Kf7 48. Nf2 Rh8 49. Nd1 Rh3+ 50. Ng3 Rh2 51. Nf5 Bc7 52. Nde3 Rd2 53. g5 Bb6 54. Nh6+ Kg6 55. Nef5 Bd8 56. Kg4 Rg2+ 57. Ng3 Kg7 58. Nhf5+ Kf7 59. Ne3 Rd2 60. Nef5 Rg2 61. Ne3 Rd2 62. Nh5 Rd3 63. Ng2 Rxc3 64. f5 Bxg5 65. Kxg5 Rxa3 66. Nhf4 1/2-1/2

[Event "IECG CM.2005.0.00272 email"]
[Site "IECG email"]
[Date "2005.03.16"]
[Round "?"]
[White "Hansen, John"]
[Black "Bourgault, Pierre"]
[Result "1/2-1/2"]
[WhiteElo "2207"]
[BlackElo "2222"]
[PlyCount "120"]
[EventDate "2005.03.16"]
[EventType "tourn (corr)"]
[EventRounds "6"]
[SourceTitle "Corr 2008"]
[Source "ChessBase"]
[SourceDate "2008.06.24"]
[SourceVersion "1"]
[SourceVersionDate "2008.06.24"]
[SourceQuality "1"]

1. e4 e5 2. Nf3 Nf6 3. Nxe5 d6 4. Nf3 Nxe4 5. d4 d5 6. Bd3 Be7 7. 0-0 Nc6 8. Re1 Bg4 9. c3 f5 10. Nbd2 0-0 11. Qb3 a6 12. h3 Na5 13. Qa4 Bxf3 14. Nxf3 c5 15. dxc5 Bxc5 16. Be3 b5 17. Qc2 Bxe3 18. Rxe3 Rc8 19. Nd4 Qb6 20. a3 Nc6 21. Nxc6 Qxc6 22. Re2 Kh8 23. Rd1 Rce8 24. a4 bxa4 25. Ra1 g6 26. Rxa4 Nc5 27. Ra5 Qc7 28. b4 Nxd3 29. Qxd3 Rxe2 30. Qxe2 Qxc3 31. Rxd5 Kg7 32. Qxa6 Qxb4 33. Qa1+ Kg8 34. Qe5 Qb7 35. Rd6 Qg7 36. Qd5+ Qf7 37. Qc6 Re8 38. Rd7 Qe6 39. Qc7 Qe1+ 40. Kh2 Qe5+ 41. g3 Qxc7 42. Rxc7 Rf8 43. Kg2 Rf7 44. Rc5 Kg7 45. h4 Re7 46. Rc6 Kh6 47. Kf3 Rb7 48. Rc3 Kh5 49. Ra3 Rb4 50. Ra7 Rb3+ 51. Kg2 h6 52. Ra5 Rd3 53. Rb5 Rc3 54. Rd5 Rc1 55. f3 Rc3 56. Ra5 Re3 57. Kf2 Rb3 58. Kg2 Re3 59. Kf2 Rb3 60. Kg2 Re3 1/2-1/2

[Event "IECG CM.2005.0.00268 email"]
[Site "IECG email"]
[Date "2005.02.20"]
[Round "?"]
[White "Bourgault, Pierre"]
[Black "Dantas, Roberto"]
[Result "1-0"]
[WhiteElo "2222"]
[BlackElo "2200"]
[PlyCount "91"]
[EventDate "2005.02.20"]
[EventType "tourn (corr)"]
[EventRounds "6"]
[SourceTitle "Corr 2008"]
[Source "ChessBase"]
[SourceDate "2008.06.24"]
[SourceVersion "1"]
[SourceVersionDate "2008.06.24"]
[SourceQuality "1"]

1. e4 e5 2. f4 Nc6 3. Nf3 f5 4. exf5 e4 5. Ng5 Qf6 6. g4 d5 7. c4 h6 8. cxd5 hxg5 9. dxc6 gxf4 10. Qa4 Kd8 11. h3 Ne7 12. Qxe4 Nxc6 13. Nc3 Bd6 14. Kd1 Re8 15. Qc4 f3 16. Ne4 Qf8 17. d3 Bd7 18. Nxd6 Qxd6 19. Bf4 Ne5 20. Qc3 Qd5 21. Kd2 Nc6 22. Re1 Rxe1 23. Kxe1 Qf7 24. d4 Qxa2 25. Kf2 Qd5 26. Bc4 Qe4 27. Bg5+ Kc8 28. Rd1 Rb8 29. d5 Ne5 30. Rd4 Qb1 31. Bf4 b5 32. Bxe5 Rb7 33. Bf1 a5 34. Rf4 Kb8 35. f6 gxf6 36. Rxf6 Qh7 37. Qxf3 Bc8 38. d6 Qc2+ 39. Kg3 Ka7 40. dxc7 Qc5 41. Bf4 Rb6 42. Bg2 Bb7 43. Qe3 Qxe3+ 44. Bxe3 a4 45. Rxb6 Bxg2 46. Rc6+ 1-0

[Event "IECG CM.2005.0.00268 email"]
[Site "IECG email"]
[Date "2005.02.20"]
[Round "?"]
[White "Bourgault, Pierre"]
[Black "Starke, Rene Reiner"]
[Result "0-1"]
[WhiteElo "2222"]
[BlackElo "2243"]
[PlyCount "80"]
[EventDate "2005.02.20"]
[EventType "tourn (corr)"]
[EventRounds "6"]
[SourceTitle "Corr 2008"]
[Source "ChessBase"]
[SourceDate "2008.06.24"]
[SourceVersion "1"]
[SourceVersionDate "2008.06.24"]
[SourceQuality "1"]

1. e4 e6 2. d4 d5 3. Nc3 Bb4 4. e5 Ne7 5. a3 Bxc3+ 6. bxc3 c5 7. Qg4 0-0 8. Nf3 Nbc6 9. Bd3 f5 10. Qg3 Qb6 11. dxc5 Qxc5 12. Bd2 Bd7 13. 0-0 a6 14. a4 Ng6 15. Rfb1 Nd8 16. c4 dxc4 17. Bb4 Qc8 18. Bxf8 cxd3 19. Bd6 dxc2 20. Rc1 f4 21. Qg4 Qc4 22. h4 Nf7 23. h5 Nf8 24. a5 Ba4 25. Be7 Nh6 26. Nd2 Qd4 27. Qe2 Bc6 28. Nf3 Bxf3 29. Qxf3 Nf5 30. Bd6 Qc4 31. Kh2 Rc8 32. h6 Nxh6 33. Ra3 g5 34. Qh3 Nf5 35. Qh5 h6 36. Bxf8 Kxf8 37. Qg6 Rd8 38. Qf6+ Ke8 39. Qg6+ Kd7 40. Qh5 Nd4 0-1

[Event "IECG CM.2005.0.00268 email"]
[Site "IECG email"]
[Date "2005.02.20"]
[Round "?"]
[White "Carroll, Patrick J"]
[Black "Bourgault, Pierre"]
[Result "1-0"]
[WhiteElo "2225"]
[BlackElo "2222"]
[PlyCount "101"]
[EventDate "2005.02.20"]
[EventType "tourn (corr)"]
[EventRounds "6"]
[SourceTitle "Corr 2008"]
[Source "ChessBase"]
[SourceDate "2008.06.24"]
[SourceVersion "1"]
[SourceVersionDate "2008.06.24"]
[SourceQuality "1"]

1. e4 Nc6 2. Nf3 e6 3. d4 Nb8 4. Bd3 Be7 5. 0-0 d5 6. e5 c5 7. dxc5 Bxc5 8. Nbd2 Ne7 9. Nb3 Nd7 10. c3 Nc6 11. Nxc5 Nxc5 12. Bc2 Nd7 13. Re1 Qc7 14. Qe2 a6 15. Bf4 Nf8 16. Bg3 Ng6 17. Rad1 b5 18. Nd4 Nxd4 19. Rxd4 Bd7 20. f4 Qc6 21. Qh5 Ra7 22. Bf2 Rb7 23. Re3 b4 24. Qd1 Qc8 25. cxb4 Rc7 26. Re2 Bb5 27. Red2 0-0 28. b3 Ne7 29. a4 Be8 30. R4d3 f6 31. exf6 Rxf6 32. Bd4 Rf8 33. Be5 Bg6 34. Bxc7 Bxd3 35. Be5 Bxc2 36. Rxc2 Qb7 37. Qe1 Nc6 38. Bd6 Re8 39. Bc5 Qc7 40. Rd2 Qf7 41. Qf1 Nb8 42. Rf2 Qc7 43. Rf3 Qb7 44. Rg3 Nd7 45. Bd4 Re7 46. b5 axb5 47. Qxb5 Qxb5 48. axb5 Rf7 49. b6 h6 50. b4 Kh7 51. Bc5 1-0

[Event "IECG CM.2003.0.00234 email"]
[Site "IECG email"]
[Date "2004.01.14"]
[Round "?"]
[White "Carroll, Patrick J"]
[Black "Bourgault, Pierre"]
[Result "1/2-1/2"]
[WhiteElo "2248"]
[BlackElo "2256"]
[PlyCount "68"]
[EventDate "2003.11.02"]
[EventType "tourn (corr)"]
[EventRounds "6"]
[SourceTitle "Corr 2008"]
[Source "ChessBase"]
[SourceDate "2008.06.24"]
[SourceVersion "1"]
[SourceVersionDate "2008.06.24"]
[SourceQuality "1"]

1. e4 Nc6 2. Nf3 g6 3. d4 Bg7 4. Nc3 d6 5. Be3 Nf6 6. Qd2 Bg4 7. 0-0-0 d5 8. h3 Bxf3 9. gxf3 Qd7 10. e5 Ng8 11. Na4 b6 12. Ba6 e6 13. Nc3 f6 14. f4 Nge7 15. h4 Nb4 16. Be2 Nf5 17. Kb1 Rg8 18. h5 0-0-0 19. hxg6 hxg6 20. Bb5 c6 21. Be2 Kb7 22. a3 Na6 23. Bd3 Rh8 24. Ne2 Nc7 25. Qc3 Rxh1 26. Rxh1 Rh8 27. Rxh8 Bxh8 28. Bd2 Qe7 29. Ng3 fxe5 30. dxe5 Bg7 31. Nxf5 gxf5 32. Be2 Bf8 33. Qf3 Qg7 34. Be3 Qg1+ 1/2-1/2

[Event "IECG WC.2003.F.00003 email"]
[Site "IECG email"]
[Date "2003.12.20"]
[Round "?"]
[White "Bourgault, Pierre"]
[Black "Koch, Christian"]
[Result "1/2-1/2"]
[WhiteElo "2252"]
[BlackElo "2261"]
[PlyCount "55"]
[EventDate "2003.12.20"]
[EventType "tourn (corr)"]
[EventRounds "14"]
[SourceTitle "Corr 2008"]
[Source "ChessBase"]
[SourceDate "2008.06.24"]
[SourceVersion "1"]
[SourceVersionDate "2008.06.24"]
[SourceQuality "1"]

1. e4 c5 2. c4 Nc6 3. Nc3 g6 4. g3 Bg7 5. Bg2 e6 6. Rb1 Nge7 7. d3 0-0 8. Nf3 d5 9. 0-0 Re8 10. a3 dxc4 11. dxc4 b6 12. Nb5 e5 13. b4 Bg4 14. bxc5 bxc5 15. h3 Be6 16. Nd6 Rf8 17. Ng5 Nd4 18. Nxe6 Nxe6 19. Rb7 Nd4 20. Nb5 Nec6 21. Nxd4 cxd4 22. Qa4 Qc8 23. Rb5 Nd8 24. Bd2 Ne6 25. Rd5 Nc5 26. Qc2 Re8 27. Bb4 Bf8 28. f4 1/2-1/2

[Event "IECG WC.2003.F.00003 email"]
[Site "IECG email"]
[Date "2003.12.20"]
[Round "?"]
[White "Bourgault, Pierre"]
[Black "Pahlen, Hans"]
[Result "1/2-1/2"]
[WhiteElo "2252"]
[BlackElo "2272"]
[PlyCount "53"]
[EventDate "2003.12.20"]
[EventType "tourn (corr)"]
[EventRounds "14"]
[SourceTitle "Corr 2008"]
[Source "ChessBase"]
[SourceDate "2008.06.24"]
[SourceVersion "1"]
[SourceVersionDate "2008.06.24"]
[SourceQuality "1"]

1. e4 c5 2. Nc3 e6 3. Nge2 a6 4. g3 b5 5. a3 Bb7 6. Bg2 Nf6 7. 0-0 d6 8. h3 Be7 9. d3 Nc6 10. g4 0-0 11. g5 Nd7 12. f4 Nb6 13. Ng3 d5 14. exd5 Nxd5 15. Nce4 f5 16. gxf6 Nxf6 17. Ng5 Qd7 18. Qe1 Nd8 19. Bxb7 Qxb7 20. f5 c4 21. dxc4 Rc8 22. fxe6 h6 23. Nf3 Rxc4 24. c3 Bc5+ 25. Be3 Nxe6 26. Bxc5 Nxc5 27. Nd4 1/2-1/2

[Event "IECG WC.2003.F.00003 email"]
[Site "IECG email"]
[Date "2003.12.20"]
[Round "?"]
[White "Ibar, Marcelo Rodolfo"]
[Black "Bourgault, Pierre"]
[Result "1-0"]
[WhiteElo "2239"]
[BlackElo "2252"]
[PlyCount "45"]
[EventDate "2003.12.20"]
[EventType "tourn (corr)"]
[EventRounds "14"]
[SourceTitle "Corr 2008"]
[Source "ChessBase"]
[SourceDate "2008.06.24"]
[SourceVersion "1"]
[SourceVersionDate "2008.06.24"]
[SourceQuality "1"]

1. e4 Nc6 2. d4 e5 3. Nf3 exd4 4. Nxd4 Bc5 5. Be3 Qf6 6. c3 Nge7 7. Bc4 Ne5 8. Be2 d6 9. 0-0 Qg6 10. f3 0-0 11. Nd2 Re8 12. Kh1 Bd7 13. f4 N5c6 14. f5 Qf6 15. N2f3 h6 16. Bf2 Bxd4 17. cxd4 d5 18. Bh4 Qd6 19. e5 Qb4 20. a3 Qb6 21. Bxe7 Rxe7 22. Qd3 Rae8 23. b4 1-0

[Event "IECG CM.2003.0.00234 email"]
[Site "IECG email"]
[Date "2003.11.02"]
[Round "?"]
[White "Bourgault, Pierre"]
[Black "Zaw, Win Lay"]
[Result "1-0"]
[WhiteElo "2256"]
[BlackElo "2497"]
[PlyCount "29"]
[EventDate "2003.11.02"]
[EventType "tourn (corr)"]
[EventRounds "6"]
[SourceTitle "Corr 2008"]
[Source "ChessBase"]
[SourceDate "2008.06.24"]
[SourceVersion "1"]
[SourceVersionDate "2008.06.24"]
[SourceQuality "1"]

1. e4 c6 2. d4 d5 3. Nd2 dxe4 4. Nxe4 Nf6 5. Nxf6+ exf6 6. c3 Bd6 7. Bd3 0-0 8. Ne2 Qc7 9. Qc2 h6 10. Ng3 Re8+ 11. Be3 c5 12. 0-0 cxd4 13. Bxd4 Nc6 14. Be3 Ne5 15. Bb5 1-0